000 00686nam a2200241Ia 4500
003 OSt
005 20221007082027.0
006 a|||||r|||| 00| 0
007 ta
008 221006b |||||||| |||| 00| 0 eng d
024 _a27,657
037 _cReports / Technical Reports
040 _aFLL
_cFLL
_beng
041 _2eng
_aeng
082 _aZ72:2674, K7
100 _aFox Harold G.
_9698536
245 0 _aCanadian law of copyright and industrial designs
250 _a2nd
260 _aTronoto
_bThe Carswell Company
_c1967
300 _alxii,848p
_ccm.
942 _hZ72:2674, K7
_cREP
_2CC
999 _c1165089
_d1165089